[Event "Moscow Petrosian Memorial U18"]
[Site "Moscow"]
[Date "2009.01.??"]
[Round "9"]
[White "Ustinov, Alexey"]
[Black "Zaryvkina, Anastasia"]
[Result "1/2-1/2"]
[WhiteElo "2098"]
[BlackElo "2093"]
[PlyCount "56"]
[EventDate "2009.01.??"]
[EventType "swiss"]
[EventRounds "9"]
[EventCountry "RUS"]
[SourceTitle "EXT 2010"]
[Source "ChessBase"]
[SourceDate "2010.11.25"]
[SourceVersion "1"]
[SourceVersionDate "2010.11.25"]
[SourceQuality "1"]

1. d4 Nf6 2. c4 g6 3. Nc3 d5 4. cxd5 Nxd5 5. Bd2 Bg7 6. e4 Nxc3 7. Bxc3 0-0 8. Bc4 e6 9. Ne2 Nd7 10. 0-0 Nf6 11. Qc2 Bd7 12. b4 Ne8 13. e5 c6 14. Ng3 f5 15. Qb3 Nc7 16. a4 a6 17. f4 Bh6 18. Bd2 Rb8 19. Be2 Re8 20. Rfc1 Nd5 21. Qf3 Qb6 22. Rc4 Qd8 23. Rc2 Qh4 24. Rf1 Qd8 25. Nh1 Qb6 26. Rc4 Bf8 27. a5 Qd8 28. Rb1 Be7 1/2-1/2